000
00324nam a22001337a 4500
008
170407b xxu||||| |||| 00| 0 eng d
020
_a
0130435147
041
_a
eng
080
_2
2ND
_a
616
100
_a
9
101
_a
SHM
245
_a
APPRAISAL DIAGNOSIS OF SPEECH & LANGUAGE DISORDERS
_c
PETERSON, H.A
942
_2
udc
_c
BK
999
_c
10197
_d
10197